[Event "VIE-chT (Women)"]
[Site "Ho Chi Minh City"]
[Date "2019.09.30"]
[Round "7.22"]
[White "Nguyen, Ha Phuong"]
[Black "Nguyen, Thuy Linh"]
[Result "1-0"]
[WhiteElo "2086"]
[BlackElo "1383"]
[PlyCount "69"]
[EventDate "2019.09.26"]
[EventType "swiss"]
[EventRounds "9"]
[EventCountry "VIE"]
[SourceTitle "EXT 2020"]
[Source "ChessBase"]
[SourceDate "2019.10.17"]
[SourceVersion "1"]
[SourceVersionDate "2019.10.17"]
[SourceQuality "1"]

1. e4 e5 2. Nf3 d6 3. d4 Nd7 4. Bc4 c6 5. 0-0 Be7 6. c3 Ngf6 7. dxe5 dxe5 8. Re1 0-0 9. a4 Qc7 10. b4 b6 11. Qb3 Ne8 12. Bg5 Ndf6 13. Nbd2 h6 14. Bh4 Nh5 15. Bg3 Nxg3 16. hxg3 Bf6 17. Qa2 a6 18. Rad1 Nd6 19. Bb3 Nb7 20. Nf1 Nd8 21. Ne3 Be6 22. Bxe6 Nxe6 23. Ng4 Rad8 24. Nxf6+ gxf6 25. Nh4 Rxd1 26. Rxd1 Rd8 27. Qe2 Ng7 28. Rxd8+ Qxd8 29. Qxa6 Qd1+ 30. Kh2 Qe1 31. Qxb6 Qxe4 32. Qd8+ Kh7 33. Qxf6 Qc2 34. Qxf7 Qxc3 35. Nf5 1-0

[Event "VIE-ch (Women)"]
[Site "Bac Giang"]
[Date "2016.06.27"]
[Round "8"]
[White "Kieu, Bich Thuy"]
[Black "Nguyen, Ha Phuong"]
[Result "1-0"]
[WhiteElo "1729"]
[BlackElo "1469"]
[PlyCount "71"]
[EventDate "2016.06.22"]
[EventType "swiss"]
[EventRounds "9"]
[EventCountry "VIE"]
[SourceTitle "EXT 2017"]
[Source "ChessBase"]
[SourceDate "2016.10.25"]
[SourceVersion "1"]
[SourceVersionDate "2016.10.25"]
[SourceQuality "1"]

1. e4 c5 2. Nf3 e6 3. d4 cxd4 4. Nxd4 a6 5. Nc3 Qc7 6. Be2 b5 7. a3 Bb7 8. f3 Bd6 9. g3 Nf6 10. Be3 Bc5 11. Qd2 0-0 12. Bg5 Be7 13. Qe3 d6 14. g4 Nbd7 15. h4 Ne5 16. Bxf6 Bxf6 17. g5 Be7 18. f4 Nc4 19. Bxc4 Qxc4 20. Rg1 f6 21. 0-0-0 Bc8 22. gxf6 Bxf6 23. e5 dxe5 24. fxe5 Be7 25. Ne4 Bb7 26. Qh6 Rf7 27. Nxe6 g6 28. Rxg6+ Kh8 29. N4g5 Bxg5+ 30. Rxg5 Re8 31. c3 Qa2 32. Rg4 Bd5 33. Nd4 a5 34. e6 Ref8 35. exf7 Rxf7 36. Qe3 1-0

[Event "VIE-chT"]
[Site "Ho Chi Minh City"]
[Date "2015.07.23"]
[Round "8.20"]
[White "Nguyen, Hoang Duc"]
[Black "Nguyen, Ha Phuong"]
[Result "1/2-1/2"]
[WhiteElo "1899"]
[BlackElo "2086"]
[PlyCount "90"]
[EventDate "2015.07.16"]
[EventType "team-swiss"]
[EventRounds "9"]
[EventCountry "VIE"]
[SourceTitle "EXT 2016"]
[Source "ChessBase"]
[SourceDate "2015.10.08"]
[SourceVersion "1"]
[SourceVersionDate "2015.10.08"]
[SourceQuality "1"]

1. e4 c5 2. Nf3 Nc6 3. c4 e6 4. d4 cxd4 5. Nxd4 a6 6. Nc3 d6 7. Be2 Nf6 8. 0-0 Be7 9. a3 0-0 10. Be3 Bd7 11. Rc1 Rc8 12. f4 Qc7 13. Bf3 Rfe8 14. Nde2 Na5 15. b3 Qb8 16. Kh1 b5 17. e5 dxe5 18. fxe5 Qxe5 19. Bf4 Qf5 20. g4 Nxg4 21. Qxd7 Nxb3 22. Rcd1 Nf6 23. Qa7 e5 24. Bg3 Qe6 25. Bd5 Nxd5 26. cxd5 Qg6 27. d6 Bxd6 28. Rxd6 Qxd6 29. Qxf7+ Kh8 30. Qxb3 Rc4 31. Nd1 Rf8 32. Rxf8+ Qxf8 33. Kg2 Ra4 34. Qf3 Qxf3+ 35. Kxf3 Rxa3+ 36. Ke4 b4 37. Bxe5 a5 38. Ne3 Rb3 39. Nc2 Rb1 40. Kd3 a4 41. Kc4 b3 42. Na3 Re1 43. Kd3 Rd1+ 44. Ke3 Kg8 45. Bb2 Rh1 1/2-1/2

[Event "VIE-chT"]
[Site "Ho Chi Minh City"]
[Date "2015.07.20"]
[Round "5.10"]
[White "Nguyen, Ha Phuong"]
[Black "Nguyen, Anh Khoi"]
[Result "0-1"]
[WhiteElo "2086"]
[BlackElo "2358"]
[PlyCount "46"]
[EventDate "2015.07.16"]
[EventType "team-swiss"]
[EventRounds "9"]
[EventCountry "VIE"]
[SourceTitle "EXT 2016"]
[Source "ChessBase"]
[SourceDate "2015.10.08"]
[SourceVersion "1"]
[SourceVersionDate "2015.10.08"]
[SourceQuality "1"]

1. d4 Nf6 2. Nf3 g6 3. g3 Bg7 4. Bg2 0-0 5. 0-0 d5 6. b3 c5 7. Bb2 cxd4 8. Nxd4 Re8 9. Nf3 Nc6 10. Nbd2 e5 11. e3 Bf5 12. h3 h5 13. Kh2 Nb4 14. Ne1 Rc8 15. c3 Nd3 16. Nxd3 Bxd3 17. Re1 h4 18. e4 Qb6 19. exd5 Qxf2 20. g4 Bh6 21. Bc1 Rxc3 22. Qf3 Bf4+ 23. Kh1 Qxe1+ 0-1

[Event "VIE-ch Resolution 7th"]
[Site "Bac Giang"]
[Date "2014.12.08"]
[Round "3"]
[White "Nguyen, Ha Phuong"]
[Black "Tran, Manh Tien"]
[Result "0-1"]
[WhiteElo "2047"]
[BlackElo "2266"]
[PlyCount "72"]
[EventDate "2014.12.05"]
[EventType "swiss"]
[EventRounds "9"]
[EventCountry "VIE"]
[SourceTitle "EXT 2016"]
[Source "ChessBase"]
[SourceDate "2015.10.08"]
[SourceVersion "1"]
[SourceVersionDate "2015.10.08"]
[SourceQuality "1"]

1. d4 Nf6 2. Nf3 c5 3. g3 g6 4. Bg2 Bg7 5. 0-0 cxd4 6. Nxd4 0-0 7. c4 Nc6 8. Nxc6 dxc6 9. Nc3 Be6 10. b3 Qa5 11. Bb2 Qh5 12. e4 Bg4 13. f3 Bh3 14. Bxh3 Qxh3 15. e5 Nd7 16. f4 f6 17. Ne4 Rad8 18. exf6 Nxf6 19. Nxf6+ exf6 20. Qc2 Rd7 21. Rae1 Rfd8 22. Re2 Qf5 23. Qxf5 gxf5 24. Rfe1 Kf7 25. Ba3 Bf8 26. Bb2 Bb4 27. Rb1 Rd2 28. Rxd2 Rxd2 29. h3 h5 30. a3 Bc5+ 31. Kh1 Bf2 32. Bc1 Rc2 33. a4 c5 34. Bb2 Bxg3 35. Bc1 Bf2 36. a5 Be1 0-1

[Event "VIE-ch Resolution 7th"]
[Site "Bac Giang"]
[Date "2014.12.06"]
[Round "2"]
[White "Nguyen, Van Hai"]
[Black "Nguyen, Ha Phuong"]
[Result "1/2-1/2"]
[WhiteElo "2352"]
[BlackElo "2047"]
[PlyCount "58"]
[EventDate "2014.12.05"]
[EventType "swiss"]
[EventRounds "9"]
[EventCountry "VIE"]
[SourceTitle "EXT 2016"]
[Source "ChessBase"]
[SourceDate "2015.10.08"]
[SourceVersion "1"]
[SourceVersionDate "2015.10.08"]
[SourceQuality "1"]

1. d4 Nf6 2. Bg5 d5 3. e3 e6 4. Nd2 Nbd7 5. Ngf3 Be7 6. c4 0-0 7. Bd3 b6 8. cxd5 Nxd5 9. h4 h6 10. Bxe7 Qxe7 11. Rc1 Bb7 12. Qa4 a6 13. Nb3 Nb4 14. Bb1 Bc6 15. Qa3 Bb5 16. Rxc7 Rfc8 17. Rxc8+ Rxc8 18. Kd2 e5 19. dxe5 Nxe5 20. Nxe5 Qxe5 21. Nd4 Rc4 22. Nxb5 Qxb5 23. Qb3 Qd7+ 24. Ke2 Qg4+ 25. Kd2 Rc5 26. Rd1 Qxg2 27. Ke1 Qg1+ 28. Ke2 Qg4+ 29. Ke1 Qg1+ 1/2-1/2

[Event "VIE-ch"]
[Site "Hanoi"]
[Date "2014.10.23"]
[Round "7"]
[White "Nguyen, Huynh Minh Thien"]
[Black "Nguyen, Ha Phuong"]
[Result "0-1"]
[WhiteElo "1673"]
[BlackElo "2047"]
[PlyCount "158"]
[EventDate "2014.10.18"]
[EventType "swiss"]
[EventRounds "9"]
[EventCountry "VIE"]
[SourceTitle "EXT 2015"]
[Source "ChessBase"]
[SourceDate "2014.11.20"]
[SourceVersion "1"]
[SourceVersionDate "2014.11.20"]
[SourceQuality "1"]

1. Nf3 d5 2. g3 Nf6 3. Bg2 c5 4. 0-0 Nc6 5. d4 Bf5 6. c3 e6 7. Ne5 Qb6 8. Nxc6 bxc6 9. Qa4 Bd6 10. Nd2 cxd4 11. cxd4 0-0 12. Nf3 h6 13. Be3 Rfc8 14. Rac1 a5 15. Ne5 Ra6 16. Rfd1 Qb4 17. Qxb4 axb4 18. Bf4 g5 19. Bd2 Ne8 20. Bf1 Bxe5 21. dxe5 Rxa2 22. Bxb4 Rxb2 23. Ba3 Rb3 24. Be7 Rb7 25. Ba3 Ra8 26. Rc3 Rba7 27. Bb4 Ra1 28. Rcc1 Rxc1 29. Rxc1 Rb8 30. Ba3 Rb3 31. Be7 Rb1 32. Rxb1 Bxb1 33. e3 f6 34. exf6 Kf7 35. Ba6 Nxf6 36. Ba3 Ne4 37. f3 Nd2 38. Kf2 Nb3 39. h4 gxh4 40. gxh4 c5 41. Bb2 c4 42. Bb5 Nc5 43. Kg3 Nd3 44. Ba1 Nb4 45. e4 Na2 46. exd5 exd5 47. Kf4 c3 48. Ke5 c2 49. Bb2 c1Q 50. Bxc1 Nxc1 51. Kxd5 Kf6 52. Bd7 Ne2 53. Bg4 Bf5 54. Kc4 Nf4 55. Kd4 Bxg4 56. fxg4 Kg6 57. Ke4 Ng2 58. g5 h5 59. Kf3 Nxh4+ 60. Kf4 Nf5 61. Kf3 Kxg5 62. Kg2 Kg4 63. Kh2 Nh4 64. Kg1 Kg3 65. Kh1 Ng2 66. Kg1 Ne3 67. Kh1 Ng4 68. Kg1 Nf2 69. Kf1 Nh3 70. Ke1 Nf2 71. Kd2 h4 72. Kc1 h3 73. Kb1 h2 74. Ka1 h1Q+ 75. Ka2 Qc1 76. Kb3 Nd3 77. Ka4 Qb1 78. Ka5 Qb7 79. Ka4 Qb4# 0-1

[Event "VIE-ch"]
[Site "Hanoi"]
[Date "2014.10.19"]
[Round "3"]
[White "Nguyen, Van Hai"]
[Black "Nguyen, Ha Phuong"]
[Result "1-0"]
[WhiteElo "2352"]
[BlackElo "2047"]
[PlyCount "51"]
[EventDate "2014.10.18"]
[EventType "swiss"]
[EventRounds "9"]
[EventCountry "VIE"]
[SourceTitle "EXT 2015"]
[Source "ChessBase"]
[SourceDate "2014.11.20"]
[SourceVersion "1"]
[SourceVersionDate "2014.11.20"]
[SourceQuality "1"]

1. e4 c5 2. Nf3 e6 3. d4 cxd4 4. Nxd4 Nc6 5. Nc3 a6 6. Be2 Qc7 7. 0-0 Nf6 8. Kh1 b5 9. a3 Bb7 10. f4 d6 11. Bf3 Rd8 12. Be3 Na5 13. Qe1 Nc4 14. Bc1 Qb6 15. Nde2 d5 16. e5 Nd7 17. Nd1 b4 18. axb4 Bxb4 19. c3 Bc5 20. b4 Be7 21. Nd4 a5 22. bxa5 Nxa5 23. f5 Nc4 24. Nxe6 fxe6 25. Bh5+ Kf8 26. fxe6+ 1-0

[Event "VIE-ch U20"]
[Site "Ho Chi Minh City"]
[Date "2014.07.17"]
[Round "8"]
[White "Nguyen, Ha Phuong"]
[Black "Nguyen, Tan Thinh"]
[Result "1-0"]
[WhiteElo "2047"]
[BlackElo "1990"]
[PlyCount "71"]
[EventDate "2014.07.13"]
[EventType "swiss"]
[EventRounds "9"]
[EventCountry "VIE"]
[SourceTitle "EXT 2016"]
[Source "ChessBase"]
[SourceDate "2015.10.08"]
[SourceVersion "1"]
[SourceVersionDate "2015.10.08"]
[SourceQuality "1"]

1. d4 d5 2. c4 c6 3. Nf3 Nf6 4. Nc3 dxc4 5. a4 Bf5 6. e3 e6 7. Bxc4 Bb4 8. 0-0 0-0 9. Qe2 c5 10. Rd1 Nc6 11. dxc5 Qe7 12. h3 Bg6 13. Nh4 Qxc5 14. Nxg6 hxg6 15. Bd2 Rac8 16. Ba2 a5 17. Rac1 Qe7 18. Nb5 Ne4 19. Bxb4 Nxb4 20. Bc4 Nc5 21. b3 b6 22. e4 Qg5 23. Ra1 Qe5 24. f3 g5 25. Qd2 Rcd8 26. Qxd8 Rxd8 27. Rxd8+ Kh7 28. Rad1 Nc2 29. R1d2 Ne3 30. R8d4 Qg3 31. Re2 Nxc4 32. bxc4 Nxa4 33. e5 f5 34. exf6 gxf6 35. Rxe6 Nc5 36. Re8 1-0

[Event "VIE-ch U20"]
[Site "Ho Chi Minh City"]
[Date "2014.07.15"]
[Round "4"]
[White "Nguyen, Ha Phuong"]
[Black "Nguyen, Anh Khoi"]
[Result "0-1"]
[WhiteElo "2047"]
[BlackElo "2208"]
[PlyCount "34"]
[EventDate "2014.07.13"]
[EventType "swiss"]
[EventRounds "9"]
[EventCountry "VIE"]
[SourceTitle "EXT 2016"]
[Source "ChessBase"]
[SourceDate "2015.10.08"]
[SourceVersion "1"]
[SourceVersionDate "2015.10.08"]
[SourceQuality "1"]

1. d4 Nf6 2. Nf3 g6 3. g3 Bg7 4. Bg2 0-0 5. 0-0 d5 6. c4 Nc6 7. Ne5 dxc4 8. Nxc6 bxc6 9. Qa4 Qxd4 10. Rd1 Qb6 11. Be3 Qxb2 12. Bd4 Qxe2 13. Nc3 Qh5 14. Qxc6 Bg4 15. Re1 Rad8 16. Bxa7 Qa5 17. Bc5 Bd7 0-1